Institutional change in rural economy with special reference to western U.P. (Record no. 15778)

MARC details
000 -LEADER
fixed length control field 00348nam a2200133Ia 4500
082 ## - DEWEY DECIMAL CLASSIFICATION NUMBER
Classification number TB.0118
100 ## - MAIN ENTRY--AUTHOR NAME
Personal name Braham Prakash
245 #0 - TITLE STATEMENT
Title Institutional change in rural economy with special reference to western U.P.
250 ## - EDITION STATEMENT
Edition statement Agra University
260 ## - PUBLICATION, DISTRIBUTION, ETC. (IMPRINT)
Year of publication 1971
300 ## - PHYSICAL DESCRIPTION
Number of Pages 503
942 ## - ADDED ENTRY ELEMENTS (KOHA)
Koha item type Books
Holdings
Withdrawn status Lost status Damaged status Not for loan Home library Current library Date acquired Full call number Accession Number Price effective from Koha item type
        NASSDOC Library NASSDOC Library 08/10/2004 TB.0118 5690 18/04/2019 Books